| 000 | 01623nam a2200277 i 4500 | ||
|---|---|---|---|
| 003 | DO-SdBNP | ||
| 005 | 20250116073944.0 | ||
| 006 | a||||br|||| 00| 0 | ||
| 007 | ta | ||
| 008 | 230809e1978 dr ad||| |||| 00| 0 spa d | ||
| 040 |
_aDO-SdBNP _bspa _cBNPHU _erda |
||
| 082 | 4 |
_222 _bR426pro |
|
| 110 | 1 |
_aRepública Dominicana. _bSecretaría de Estado de Educación, Bellas Artes y Cultos _eautor _923965 |
|
| 245 | 1 | 0 |
_aProgramas de tercer curso: _breforma de la educación primaria. / _cPresentación, Héctor Manuel Rodríguez |
| 246 | 1 | 4 |
_aEducación primaria: _bTercer curso |
| 264 | 1 |
_aSanto Domingo : _bde Calidad, _c1978 |
|
| 300 |
_a191 páginas : _bIlustraciones, gráficas; _c27 cm. |
||
| 336 |
_2rdacontent _atexto _btxt |
||
| 337 |
_2rdamedia _asin mediación _bn |
||
| 338 |
_2rdacarrier _avolumen _bnc |
||
| 504 | _aBibliografía: página 188 | ||
| 505 |
_aPresentación.-- Ordenanza No. 1-77 que establece el Marco de la Educación Primaria.-- Ordenanza No. 2-77 que establece el nuevo curriculo para la Educación Primaria Nacional.-- Ordenanza No. 2-78 mediante la cual se aprueba el Programa de Tercer Curso, correspondiente a la Reforma de la Educación Primaria Nacional.-- Comisión Elaboradora. _tLenguaje al Servicio de la Comunicación.-- Matemáticas.-- Estudios Sociales.-- Programa de Religión.-- La Naturaleza y sus Manifestaciones.-- Agricultura.-- Actividades Manuales y artes expresivas.-- Educación Física, Deportes y Recreación.-- Educación Musical.-- Bibliografía. |
||
| 590 | _aInventariado 2023 / MF | ||
| 700 | 2 |
_aRodríguez. Héctor Manuel _936592 _epresentador |
|
| 942 |
_2ddc _cLBS1 |
||
| 999 |
_c54365 _d54365 |
||